000 005840000a22001810004500
003 MACL
005 20160513163448.0
008 160513b xxu||||| |||| 00| 0 eng d
040 _aMACL
_cMACL
041 _aHindi
082 _a780
100 _aमाथुर, रामलाल
_953049
245 _aभारतीय संगीत और संगीतज्ञ
_cरामलाल माथुर
260 _bक्‍लासिक कलेक्‍शन्‍स
_c2003
_aजयपुर
350 _a495
650 _aMusic
_956901
942 _cHIN
_k780
_2ddc
999 _c10159
_d10159